| 000 | 00383nam a22001577a 4500 | ||
|---|---|---|---|
| 008 | 210408b ||||| |||| 00| 0 eng d | ||
| 020 | _a9788126907397 | ||
| 082 |
_a801 _bHUI |
||
| 100 | _aHudson William Henry | ||
| 245 | _aIntroduction to the Study of Literature | ||
| 260 |
_aNew Delhi _bAtlantic _c2021 |
||
| 300 | _a351p. | ||
| 650 | _aENGLISH | ||
| 942 | _cBK | ||
| 999 |
_c41119 _d41119 |
||
| 041 | _aeng | ||